000 00528nam a22001817a 4500
005 20251108164027.0
008 250721s1990 xx 000 0 ara d
082 1 4 _a340/زيا
100 1 _aزيادة، طارق
245 1 0 _aدراسات في الفقه و القانون /
264 1 _aطرابلس (لبنان) :
_bدار الشمال،
_c1990.
300 _a371ص
650 1 7 _aالقانون
650 1 7 _aالقانون المدني
650 1 7 _aالقانون التجاري
942 _2ddc
_cBK
999 _c1754
_d1754